Může využít moderní bankovnictví poznatky a služby psychologie?

Využitie psychologických poznatkov v modernom bankovníctve. Rozvoj ľudských zdrojov. Psychológia práce. Psychológia a personalistika. Psychológia a manažment. Motivačná úroveň pracovníkov. Hodnotenie pracovníkov. Psychologická príprava pracovníkov banky.

Guardado en:
Detalles Bibliográficos
Autor principal: Dittrich, Pavel
Otros Autores: Popková, Dagmar
Formato: Capítulo de libro
Lenguaje:checo
Materias:
Etiquetas: Agregar Etiqueta
Sin Etiquetas, Sea el primero en etiquetar este registro!

MARC

LEADER 00000naa a2200000 4500
001 r030872
005 20230426082153.9
041 0 |a cze 
044 |a CZ 
245 1 0 |a Může využít moderní bankovnictví poznatky a služby psychologie?  |c P. Dittrich, D. Popková 
520 |a Využitie psychologických poznatkov v modernom bankovníctve. Rozvoj ľudských zdrojov. Psychológia práce. Psychológia a personalistika. Psychológia a manažment. Motivačná úroveň pracovníkov. Hodnotenie pracovníkov. Psychologická príprava pracovníkov banky. 
610 2 0 |a psychológia práce 
610 2 0 |a psychológia podniková 
610 2 0 |a banky 
610 2 0 |a personalistika 
610 2 0 |a manažment 
610 2 0 |a motivácia pracovná 
610 2 0 |a zdroje ľudské 
610 2 0 |a vzdelávanie 
610 2 0 |a príprava odborná 
610 2 0 |a hodnotenie pracovníkov 
610 2 0 |a osobnosť 
100 1 |a Dittrich, Pavel 
700 1 |a Popková, Dagmar